| 000 | 00455nam a22001577a 4500 | ||
|---|---|---|---|
| 005 | 20250109115018.0 | ||
| 008 | 250109b ||||| |||| 00| 0 eng d | ||
| 040 | _cAL | ||
| 041 | _aEnglish | ||
| 082 |
_223 _a348.04 _bCHAA |
||
| 100 |
_a Jagjit Singh Chawla _9192823 |
||
| 245 | _aAll India Criminal Law Reporter: Vol 58 2003(2) | ||
| 260 |
_a Chandigarh _b All India Criminal Law Reporter _c2003 |
||
| 650 |
_aCriminal law _9192824 |
||
| 942 |
_2ddc _cBI |
||
| 999 |
_c233614 _d233614 |
||